Pinson an revenue law

Bibliographic Details
Main Author: Pinson, Barry
Format: Book
Published: London : Sweet and Maxwell , 1982
Edition:Fifteenth edition
Subjects:

MARC

LEADER 00000cam a2200000 7i4500
001 0000002998
005 20021112.0
020 |a 0421305002 
040 |a INS 
090 0 0 |a RKD5359.   |b P5 1982 
100 1 |a Pinson, Barry 
245 1 0 |a Pinson an revenue law   |c by Barry Pinson 
250 |a Fifteenth edition 
260 |a London :   |b Sweet and Maxwell ,   |c 1982 
300 |a Ixvii, 753p. ;   |c 24.5 cm. 
650 0 0 |a Revenue   |z Great Britain 
650 0 0 |a Taxation   |x law and legislation   |z Great Britain 
651 0 |a Great Britain 
999 |a 0000000888   |b BOOK   |c Reference   |e Default branch